Химия и технология азотных удобрений; Труды государственного научно-исследовательского и проектного института азотной промышленности

গ্রন্থ-পঞ্জীর বিবরন
Parent link:Труды государственного научно-исследовательского и проектного института азотной промышленности. Вып. 33.— , 1952-1977
ভাষা:রুশ
প্রকাশিত: 1975
বিষয়গুলি:
বিন্যাস: গ্রন্থ
KOHA link:https://koha.lib.tpu.ru/cgi-bin/koha/opac-detail.pl?biblionumber=368199

MARC

LEADER 00000nam2a2200000 4500
001 368199
005 20231102012047.0
035 |a (RuTPU)RU\TPU\retro\25562 
035 |a RU\TPU\retro\25561 
090 |a 368199 
100 |a 20220401d1975 k y0rusy50 ca 
101 0 |a rus 
102 |a RU 
105 |a a z 001zy 
200 0 |a Химия и технология азотных удобрений  |v Вып. 33 
210 |d 1975 
215 |a 83 с.  |c ил. 
320 |a Библиография в конце статей 
461 1 |0 (RuTPU)RU\TPU\retro\24961  |t Труды государственного научно-исследовательского и проектного института азотной промышленности  |v Вып. 33  |d 1952-1977 
606 1 |a Азотная промышленность в целом  |2 stltpush  |3 (RuTPU)RU\TPU\subj\32154  |9 54797 
606 1 |a Азотные удобрения  |x Производство  |x Автоматизация  |2 stltpush  |3 (RuTPU)RU\TPU\subj\32174  |9 54807 
610 1 |a газоочистка 
610 1 |a растворители 
610 1 |a физико-химические константы 
610 1 |a двуокись углерода 
610 1 |a диметиловый эфир 
610 1 |a тетраэтиленгликоль 
610 1 |a растворимость 
610 1 |a аммонизация 
610 1 |a полифосфорная кислота 
610 1 |a нитроаммополифос 
610 1 |a макрокинетика 
610 1 |a каталитическая конверсия 
610 1 |a проточные реакторы 
610 1 |a трубчатые реакторы 
610 1 |a геометрические характеристики 
610 1 |a каталитический слой 
610 1 |a выхлопные газы 
610 1 |a очистка 
610 1 |a нестационарный теплообмен 
610 1 |a фазовые превращения 
610 1 |a плоские трубопроводы 
610 1 |a самокомпенсация 
610 1 |a расчеты 
610 1 |a температуропроводность 
610 1 |a кипящий слой 
610 1 |a электродуговые реакторы 
610 1 |a утилизация тепла 
675 |a 661.5  |v 3 
675 |a 661.52  |v 3 
801 1 |a RU  |b 63413507  |c 20130206 
801 2 |a RU  |b 63413507  |c 20220401  |g RCR 
942 |c BK